000 00340 a2200157 4500
001 64067
020 _a9788575593653
040 _cAnchieta - Pituba
100 _aWood, Ellen Meiksins
240 1 0 _aO império do capital
_lpor
245 1 0 _aO império do capital
300 _a151
362 0 _a2014
650 4 _aSistemas
942 _cBK
999 _c64067
_d64067